Les 20 mangas les plus vendus en France en 2022 - Statistiques

Statistiques générales
  • Ce quiz a été pris 565 fois
  • Le résultat moyen est 5 sur 20
Statistiques - réponses
Hint Réponse % Correct
4 One Piece
99%
7 Demon Slayer
79%
1 Jujutsu Kaisen
71%
5 My hero Academia
60%
10 Blue Lock
48%
2 Tokyo Revengers
42%
19 One Punch Man
29%
15 Dr. Stone
24%
12 Kingdom
24%
13 Haikyuu
22%
18 Ao Ashi
11%
8 Kaiju No. 8
5%
11 That Time I Got Reincarnated as a Slime
3%
9 My Dress-Up Darling
2%
17 Record of Ragnarok
2%
16 Golden Kamuy
1%
6 Mystery to lu Nakare
0%
3 Spu x Family
0%
20 Uma Musume Cinderella Gray
0%
14 World Trigger
0%
Aucun quiz correspondant
Distribution des résultats
% des personnes avec chaque résultat
Percentile par nombre de réponses
Votre historique - résultats
Vous n’avez pas pris ce quiz